[Event "FIDE Online-ch U16 Open 2020"]
[Site "Online"]
[Date "2020.12.19"]
[Round "1.1"]
[White "Keymer, Vincent"]
[Black "Smit, Devon"]
[Result "1-0"]
[WhiteElo "2588"]
[BlackElo "1888"]
[Annotator "TA"]
[PlyCount "127"]
[EventDate "2020.12.19"]
[EventType "k.o."]
[EventCountry "NET"]
[SourceTitle "playchess.com"]
[Source "ChessBase"]
[SourceQuality "1"]

{[%evp 9,127,-7,-3,-10,-6,0,0,5,10,0,0,0,-6,-1,0,-21,-6,-19,35,-3,2,-13,-14,-23,-16,-33,-19,-13,18,-6,29,27,28,-8,16,0,16,5,16,18,17,13,21,18,31,29,49,53,54,56,95,97,119,87,76,77,56,80,74,-35,-28,-165,-159,-150,-157,-140,-155,-173,-147,-146,-145,-149,-143,-157,-169,-153,-129,-168,-112,-160,-155,-159,-175,-162,-141,-243,-241,-231,-217,-239,-237,-229,-232,-220,-136,-147,-131,-198,-166,-224,-211,-464,-501,-485,-263,-403,-384,-512,-512,-497,-497,-490,-476,-1412,-1391,-1096,29970,29971,29994,29995]} 1. Nf3 d5 2. e3 Nf6 3. c4 e6 4. Nc3 a6 5. cxd5 exd5 6. g3 {[#] A17: English Opening: 1...Nf6 with ...Bb4.} Be7 $146 ({Predecessor:} 6... Bd6 7. Bg2 c5 8. d4 Nc6 9. dxc5 Bxc5 10. O-O O-O 11. a3 Bg4 12. b4 Ba7 {0-1 (51) Regecova,N-Kral,K (1829) Sliac 2011}) 7. Bg2 O-O 8. O-O {The position is equal.} c6 9. b3 Bf5 10. d3 h6 11. Bb2 Nbd7 12. Qe2 Bh7 13. Rfd1 Qb6 (13... Bd6 $11) 14. Rac1 Rad8 15. Nd4 Rfe8 16. Qf1 Qa7 17. a3 Bf8 18. b4 Ne5 19. Nb3 Nfd7 20. h3 Bg6 21. Kh1 Nb6 22. Nb1 Na4 23. Bd4 Qb8 24. f4 Nd7 25. Nc3 $36 {[%mdl 2048] White has good play.} Nxc3 26. Rxc3 Bh7 27. Re1 Be7 28. e4 dxe4 29. dxe4 ({Reject} 29. Bxe4 Bf6 $15) 29... Nf6 30. Rce3 a5 31. Bb6 axb4 32. Bxd8 Qxd8 33. axb4 Bxb4 34. Rd1 (34. R1e2 $16) 34... Qb6 $15 35. Qe2 {[#]} (35. Nd4 $11) 35... Nd5 $1 $19 {[%mdl 576] Pin} 36. Red3 (36. exd5 Rxe3) 36... Nc3 37. Rxc3 Bxc3 38. Qc4 Qb4 39. Qxb4 Bxb4 40. e5 Bf5 41. g4 Be6 42. Nc1 Rc8 43. Nd3 Be7 (43... Rd8 $19 44. Rb1 Ba3) 44. f5 Bc4 45. Nb2 Ba6 46. Rd7 Bg5 47. Na4 {[#]} (47. Be4 $17) 47... Re8 $1 48. Nc5 Rxe5 {...Re1+ is the strong threat.} 49. Nxa6 Re1+ ({Weaker is} 49... bxa6 50. Bxc6 g6 51. fxg6 $15) 50. Bf1 Rxf1+ {[%mdl 4096] Endgame KRB-KRN} 51. Kg2 Rb1 52. Nc5 b5 {[%cal Bb7b5,Bb5b4,Bb4b3,Bb3b2][%mdl 32]} 53. Rb7 (53. Rc7 $17) 53... b4 54. Rb8+ (54. Kf2 $142) 54... Kh7 55. Nd7 $2 (55. Rb7) 55... Be7 56. Rb7 f6 (56... b3 $142 {aiming for ...b2.} 57. Ne5 b2) 57. Nb8 (57. Ne5 {was worth a try.} fxe5 58. Rxe7) 57... Bd6 {Hoping for ...Bxb8.} 58. Nxc6 b3 59. Na5 b2 60. Nc4 Be5 61. Nxe5 (61. Rb3 $142) 61... fxe5 62. f6 Kg6 $4 {[%mdl 8192]} (62... Kg8 $19 63. Rb8+ Kf7 64. fxg7 Kxg7) 63. f7 Rc1 64. f8=Q {Quite a comeback for White.  Weighted Error Value: White=0.37/Black=0.25} 1-0

[Event "FIDE Online-ch U16 Open 2020"]
[Site "Online"]
[Date "2020.12.19"]
[Round "1.2"]
[White "Kacharava, Nikolozi"]
[Black "Rodrigue-Lemieux, Shawn"]
[Result "1/2-1/2"]
[WhiteElo "2443"]
[BlackElo "2276"]
[Annotator "TA"]
[PlyCount "134"]
[EventDate "2020.12.19"]
[EventType "k.o."]
[EventCountry "NET"]
[SourceTitle "playchess.com"]
[Source "ChessBase"]
[SourceQuality "1"]

{[%evp 9,134,25,47,36,47,43,47,44,50,45,62,31,43,37,100,87,148,43,35,42,37,47,47,11,0,0,2,0,0,0,1,10,10,13,15,0,16,0,34,0,0,0,7,7,24,-12,-7,-1,85,94,85,93,111,105,112,0,0,0,0,0,0,0,147,175,399,229,239,216,242,243,194,197,233,227,198,110,93,0,0,0,22,0,0,0,0,0,0,0,0,0,0,0,0,0,0,0,0,0,0,0,0,0,0,0,0,0,0,0,0,0,0,0,0,0,0,0,0,0,0,0,0,0,0,0,0,0,0]} 1. e4 c6 2. d4 d5 3. e5 Bf5 4. Nf3 e6 5. Be2 Bb4+ 6. Nbd2 {B12: Caro-Kann: Advance Variation.} Nd7 7. O-O Ba5 8. a4 {White is slightly better.} Bc7 9. Nb3 {[#]} Ne7 $146 ({Predecessor:} 9... a5 10. Bg5 f6 11. Bh4 Qb8 12. Re1 fxe5 13. dxe5 Nh6 14. Nfd4 Bxe5 15. g4 Bxh2+ {1-0 (31) Cori Quispe,K (2378)-Carneiro,V (2435) Manta 2017}) 10. a5 O-O 11. Nh4 Be4 (11... f6 $14) 12. f3 $1 $16 {[%cal Rf3e4]} Ng6 (12... Bg6 $142) 13. Nxg6 (13. fxe4 $16 Qxh4 14. exd5 cxd5 15. Bd2) 13... Bxg6 $14 14. f4 Qe7 15. Be3 f6 16. Bd3 Bxd3 17. Qxd3 fxe5 18. fxe5 c5 19. Nxc5 Nxc5 20. dxc5 Bxe5 21. Bd4 Bc7 22. Rfe1 Rae8 23. b4 Qg5 24. Qe3 Bf4 25. Qh3 e5 26. Be3 e4 27. Bxf4 Qxf4 28. Qe3 Qg4 (28... Qxe3+ $1 $11 29. Rxe3 d4) 29. a6 $16 bxa6 30. Rxa6 Rf3 31. Qd4 Ref8 {White must now prevent ...Rf2!} 32. Raa1 {[#]} (32. Rxa7 $6 Rf2 $11) (32. Qxd5+ $16 Kh8 33. Raa1 (33. Rxa7 Rf2 {[%mdl 64] Double Attack} 34. Rxg7 Rxg2+ 35. Kh1 Rxh2+ 36. Kxh2 Rf2+ {[%mdl 64] Double Attack} 37. Kh1 Qh4+ 38. Kg1 Qh2#)) 32... Rf2 $1 $11 {[%csl Gf2][%cal Rg4g2][%mdl 512]} 33. Qxd5+ (33. Qxf2 Rxf2) 33... R8f7 $1 {[%csl Gf2][%cal Rg4g2]} 34. Qd8+ Rf8 {[%csl Gf2][%cal Rg4g2]} 35. Qd5+ {[%mdl 64] Double Attack} Kh8 (35... R8f7 $1 $11 36. Qa8+ Rf8 37. Qd5+) 36. Qxe4 $16 Qg5 $2 ({Stronger than} 36... Rf1+ 37. Rxf1 Rxf1+ 38. Rxf1 Qc8 39. Qe7 Qg8 40. Rf8 $1 {[%mdl 512]} h5 41. Rxg8+ Kxg8 42. c6) (36... R2f4 37. Qe5 Rxb4 38. Rxa7 Qg6) 37. c6 (37. Rf1 $142 Qd2 38. h3) 37... Qb5 $18 {[#]} 38. h3 $1 h6 39. Ra5 ({Less strong is} 39. Rxa7 Qb6 $14) 39... Qb6 40. Rc5 R2f4 41. Qe7 R4f7 42. Qe3 ({White should try} 42. Qd6 $18) 42... Qxb4 $16 43. c7 (43. c4 $16) 43... Rc8 $1 $11 {The position is equal.} 44. c3 {White threatens Qe8+! and mate.} Qh4 45. Qe6 Qf2+ 46. Kh1 Rcxc7 47. Rxc7 Rxc7 {[%mdl 4096] Endgame KQR-KQR} 48. Qe8+ Kh7 49. Qe4+ g6 50. c4 a5 51. Rb1 Qf7 52. Qa8 Qf5 53. Rb8 {Hoping for Rh8+.} Qf1+ 54. Kh2 {Threatens to win with Rh8+.} Qf4+ 55. Kh1 $1 Qd4 (55... Rxc4 56. Rh8+ Kg7 57. Qg8+ Kf6 58. Qf8+ Ke5 59. Qb8+ Ke4 60. Qb1+ Ke5 61. Re8+ Kd5 62. Qb7+ Kd4 63. Qb6+ Kc3 64. Qxa5+ Kb3 65. Qb6+ Ka3 66. Re3+ Ka4 67. Qb3+ Ka5 68. Re1 $18) (55... Qe5 {looks sharper.} 56. Re8 Qd4 57. Qxa5 Qxc4 58. Qe5 Rg7) 56. Qxa5 Qxc4 {( -> ...Qf1+)} 57. Rb1 (57. Qe5 {seems wilder.} Rg7 58. Rb6 h5 59. Rb8 Qc1+ 60. Kh2) 57... h5 58. Qd2 Rf7 59. Rc1 Qe4 60. Re1 Qh4 61. Qe2 {Cut Off at move 61} Qg3 62. Rf1 Rc7 63. Qe6 Kh6 64. Qg8 Qe5 65. Qf8+ Qg7 66. Qxg7+ Kxg7 67. Kh2 Rd7 {Black defended with fortune.  Weighted Error Value: White=0.16/Black=0.16} 1/2-1/2

[Event "FIDE Online-ch U16 Open 2020"]
[Site "Online"]
[Date "2020.12.19"]
[Round "1.2"]
[White "Huang, Renjie"]
[Black "Concio, Michael Jr."]
[Result "1-0"]
[WhiteElo "2422"]
[BlackElo "2297"]
[Annotator "TA"]
[PlyCount "69"]
[EventDate "2020.12.19"]
[EventType "k.o."]
[EventCountry "NET"]
[SourceTitle "playchess.com"]
[Source "ChessBase"]
[SourceQuality "1"]

{[%evp 22,69,17,10,39,30,45,45,61,71,62,52,54,56,68,40,74,18,29,18,27,24,21,0,78,95,90,109,305,292,395,392,400,393,393,383,343,389,408,402,389,382,439,428,576,547,559,535,1130,1086]} 1. e4 e5 2. Nf3 Nc6 3. Bb5 a6 4. Ba4 Nf6 5. O-O b5 6. Bb3 Be7 7. Re1 O-O 8. d3 h6 9. Nbd2 d6 10. c3 Re8 11. Nf1 Bf8 12. Ng3 g6 {C90: Closed Ruy Lopez with 7...d6: Early deviations.} 13. a4 {Strongly threatening axb5.} b4 {[#]} 14. a5 $146 ({Predecessor:} 14. Bd2 d5 15. cxb4 Nxb4 16. exd5 Nxd3 17. Re3 Nc5 18. Bc4 e4 19. b4 Ncd7 20. Nd4 {0-1 (40) Kyriakides,S (2202)-Kostin,A (2087) Vancouver 2010}) 14... Rb8 {White is slightly better.} 15. Bc4 Bg7 16. Bd2 bxc3 17. bxc3 Na7 18. Qc2 c5 19. d4 (19. Qc1 $16) 19... cxd4 $11 20. cxd4 Nb5 21. dxe5 dxe5 22. Be3 Nd4 (22... Be6 $11 {remains equal.}) 23. Bxd4 $16 exd4 {[#]} 24. e5 $1 {[%cal Re5f6]} d3 $2 {[#] Loses the game.} (24... Nd5 $16) 25. Qa2 $1 $18 ({Not} 25. Bxd3 Ng4 $14) ({Stronger than} 25. Qxd3 Qxd3 26. Bxd3 Nd7 $11) 25... Nd7 {[%cal Rd7e5]} 26. Bxf7+ {[%mdl 64] Double Attack} Kh7 {[%cal Re8e5]} 27. Bxe8 Qxe8 28. Rad1 Nc5 29. Ne4 Be6 30. Qd2 Nxe4 31. Rxe4 Bb3 32. Rde1 {White is clearly winning.} Bc2 33. Nd4 Rc8 34. e6 Rc4 35. Nxc2 {Weighted Error Value: White=0.10/Black=0.45} 1-0

[Event "FIDE Online-ch U16 Open 2020"]
[Site "Online"]
[Date "2020.12.19"]
[Round "1.2"]
[White "Cardoso Cardoso, Jose Gabriel"]
[Black "Raja Rithvik R"]
[Result "1-0"]
[WhiteElo "2414"]
[BlackElo "2408"]
[Annotator "TA"]
[PlyCount "113"]
[EventDate "2020.12.19"]
[EventType "k.o."]
[EventCountry "NET"]
[SourceTitle "playchess.com"]
[Source "ChessBase"]
[SourceQuality "1"]

{[%evp 11,113,-1,0,0,0,-7,10,-12,0,0,11,0,21,8,31,0,0,0,33,22,10,0,53,42,63,60,70,68,68,70,65,63,77,72,73,77,91,50,65,20,69,74,64,59,242,248,248,248,223,231,236,231,233,227,225,219,220,222,210,219,227,230,220,213,294,293,734,734,734,719,718,655,800,805,796,771,884,883,847,810,770,753,1345,1290,29964,29965,5114,5237,5177,4704,4802,2312,29980,29981,29981,29982,29982,29983,29981,29982,29988,29989,29991,29992]} 1. d4 Nf6 2. c4 e6 3. Nc3 Bb4 4. Qc2 O-O 5. a3 Bxc3+ 6. Qxc3 d5 7. e3 {E36: Nimzo-Indian: Classical: 4...d5 5 a3.} b6 8. Nf3 Ba6 9. b3 {The position is equal.} Nbd7 10. Be2 c5 11. O-O Rc8 12. a4 {[#]} cxd4 $146 ({Predecessor:} 12... dxc4 13. bxc4 Qc7 14. Bb2 Bb7 15. dxc5 Nxc5 16. a5 Rfd8 17. Nd4 Nce4 18. Qb4 Qc5 19. Qxc5 Nxc5 {1-0 (37) Gareyev,T (2598)-Gordon,S (2495) Sitges 2019}) 13. exd4 dxc4 14. bxc4 Qc7 {[%cal Ra6c4]} 15. Ba3 Rfe8 16. Rfc1 Nd5 (16... e5 $11) 17. Qd2 $14 Nf4 18. Bf1 Ng6 19. a5 Bb7 20. axb6 axb6 21. Qe3 Nf6 {White must now prevent ...Ng4.} 22. h3 Ra8 23. Rab1 Ne7 24. Bxe7 Rxe7 25. Rb3 Rd8 26. Ne5 Be4 27. f3 Bg6 $2 {[#] A mistake that costs the game.} ({Black should play} 27... Ba8 $14) 28. c5 $1 $18 {[%cal Rc5b6]} bxc5 29. Rxc5 Qd6 30. Nc6 {[%mdl 64] Double Attack} Red7 31. Nxd8 Rxd8 32. Qe5 h5 33. Qxd6 Rxd6 34. Rb8+ Kh7 35. Rcc8 {[%csl Gb8][%cal Rc8h8]} Kh6 36. Rh8+ Kg5 37. Rb5+ Rd5 38. g3 {aiming for h4+.} Bh7 $2 (38... Bf5 39. Kf2 Rxd4) 39. Rxd5+ exd5 {[%mdl 4096] Endgame KRB-KBN} 40. h4+ Kh6 41. Bd3 g6 {Now ...Ng8 and Black clings on.} 42. Rd8 Kg7 43. Kf2 Bg8 44. Ke3 Bh7 45. Kf4 Ng8 46. Ke5 Ne7 47. Kd6 Kf6 48. Re8 Ng8 49. Kxd5 Kg7 50. Ke5 Nf6 51. Rd8 Bg8 52. d5 {White mates.} Nh7 53. d6 f6+ 54. Kd4 Nf8 55. Bc4 Be6 {[#]} 56. Rxf8 $1 Bxc4 {[#]} (56... Kxf8 57. Bxe6) 57. d7 $1 {[%mdl 512] Weighted Error Value: White=0.05/Black=0.63} 1-0

[Event "FIDE Online-ch U16 Open 2020"]
[Site "Online"]
[Date "2020.12.19"]
[Round "1.2"]
[White "He, Anthony"]
[Black "Svane, Frederik"]
[Result "1-0"]
[WhiteElo "2337"]
[BlackElo "2421"]
[Annotator "TA"]
[PlyCount "113"]
[EventDate "2020.12.19"]
[EventType "k.o."]
[EventCountry "NET"]
[SourceTitle "playchess.com"]
[Source "ChessBase"]
[SourceQuality "1"]

{[%evp 15,113,-4,33,26,31,25,47,47,78,62,102,89,118,115,119,79,74,24,23,0,63,56,106,62,137,131,128,141,134,120,333,342,331,326,319,324,295,159,182,27,39,31,75,67,88,87,71,72,206,207,212,204,196,191,200,203,176,184,267,267,267,180,284,281,477,272,908,908,712,599,1320,1284,1183,1131,1153,1153,949,756,5532,5595,5847,4622,29976,29977,29977,29978,29977,29979,29979,29980,29980,29980,29981,29982,29983,29984,29984,29985,29984,29985]} 1. e4 c5 2. Nf3 d6 3. d4 cxd4 4. Nxd4 Nf6 5. Nc3 Nc6 6. Bg5 e6 7. Bb5 Bd7 8. Qd2 {8.Qd3 gains popularity.} Be7 (8... h6 $5 {[%cal Rh6g5]} 9. Bxf6 Qxf6 $11) 9. O-O-O {B62: Sicilian: Richter-Rauzer: 6...e6: Unusual White 7th moves.} Qb6 {[#]} 10. Bxc6 $146 ({Predecessor:} 10. Be3 Qc7 11. Be2 a6 12. g4 Ne5 13. f3 O-O 14. g5 Ne8 15. h4 Nc4 16. Bxc4 Qxc4 {½-½ (52) Barna,Z (1177)-Ferluga,S (1438) LSS email 2009}) 10... Bxc6 11. f3 {White is slightly better.} Rc8 12. g4 h5 13. h3 Qa5 14. Kb1 a6 15. Nb3 Qc7 16. Bf4 Nd7 17. Bg5 Nf6 $1 18. Rhe1 Kf8 19. Ne2 d5 {[#]} (19... g6 $14) 20. e5 $1 $36 {[%cal Re5f6][%mdl 2048] White is really pushing.} Nd7 21. Bxe7+ Kxe7 22. f4 Qb6 $2 (22... Rce8 $16 {keeps fighting.}) 23. f5 $18 Kd8 24. fxe6 ({Don't take} 24. Qg5+ Kc7 $18) 24... fxe6 25. Nf4 ({Less strong is} 25. Qg5+ Kc7 $18) 25... Ba4 26. Nxh5 (26. Nd4 $18 Kc7 27. b3 (27. gxh5 Kb8 $16)) 26... Kc7 $16 27. Qa5 $2 (27. Re3 $18) 27... Qxa5 $1 $11 28. Nxa5 Bxc2+ 29. Kxc2 {White leaves nothing to chance now.} Kb6+ 30. Kb1 {Threatens to win with Nb3.} Kxa5 31. Nxg7 Rc6 {[#]} (31... Nc5 $16 {was necessary.}) 32. Nxe6 $1 $18 {[%mdl 576] Remove Defender} Rxe6 33. Rxd5+ {[%mdl 64] Double Attack} Kb6 34. Rxd7 Rxh3 35. Rd6+ Rxd6 36. exd6 {[%mdl 4096] Endgame KR-KR} Kc6 (36... Rd3 $142 37. Kc2 Rxd6) 37. Rd1 {d7 would kill now.} Kd7 38. Rd4 Rh2 (38... b5 $142 39. g5 Rg3) 39. a4 {[%cal Ba2a4,Ba4a5][%mdl 32]} Rg2 $2 (39... b6 {is a better defense.} 40. Rb4 Kc6) 40. Ka2 (40. a5 $142 Rf2 41. Rb4) 40... Rg3 $2 (40... b6 41. Kb3 b5 42. axb5 axb5) 41. a5 Re3 42. b4 Rg3 43. Kb2 Re3 44. Kc2 Rg3 45. Kd2 Rf3 46. Ke2 Rf6 47. Ke3 Rf8 48. Ke4 Rf6 49. g5 {White mates.} Rf1 50. Ke5 Re1+ 51. Kf6 Rf1+ 52. Kg7 Rf2 53. g6 Rf3 54. Kg8 Rf2 55. g7 Rf3 56. Rd5 Ke6 {[#]} 57. d7 $1 {[%mdl 512] Accuracy: White = 78%, Black = 48%.} 1-0

[Event "FIDE Online-ch U16 Open 2020"]
[Site "Online"]
[Date "2020.12.19"]
[Round "1.2"]
[White "Kushko, Dmitriy"]
[Black "Pour Agha Bala, Amirreza"]
[Result "1-0"]
[WhiteElo "2307"]
[BlackElo "2432"]
[Annotator "TA"]
[PlyCount "43"]
[EventDate "2020.12.19"]
[EventType "k.o."]
[EventCountry "NET"]
[SourceTitle "playchess.com"]
[Source "ChessBase"]
[SourceQuality "1"]

{[%evp 25,43,47,227,210,310,303,409,364,464,468,683,677,758,773,29996,1244,29997,29998,29998,29999]} 1. Nf3 Nf6 2. g3 g6 3. Bg2 Bg7 4. c4 O-O 5. O-O d6 6. d4 Nbd7 7. Nc3 e5 8. e4 c6 9. h3 Re8 10. Be3 exd4 11. Nxd4 Nc5 12. Qc2 a5 13. Rad1 a4 $2 {[#] 13...Nfd7 is the modern continuation.} (13... Qe7 $14) 14. Nxc6 $1 $18 {[%mdl 512] E69: King's Indian: Fianchetto: 6...Nbd7 7 0-0 e5 8 e4 c6 9 h3.} Qb6 (14... bxc6 $142 15. Bxc5 {[%mdl 64] Pin} Re6) 15. Nd4 Qb4 {[#]} 16. Ncb5 $146 {[%cal Bc3b5,Bb5c7,Bc7e8][%mdl 32] Strongly threatening Bd2.White is winning.} ({Predecessor:} 16. Ndb5 Ra6 17. Nc7 Qxc4 18. Nxa6 bxa6 19. Bxc5 Qxc5 20. Qxa4 Nh5 21. Qxe8+ Bf8 22. Rd5 Qc7 23. Rxh5 gxh5 24. Nd5 Qb7 25. Nf6+ Kg7 26. Nxh5+ Kg8 27. Nf6+ Kg7 28. e5 Qb5 {1-0 (28) Davtyan,A (1758)-Ivic,V (1935) Al Ain 2013}) 16... Nfxe4 17. Nc7 $1 {[%csl LRa8,LRe8][%mdl 64] Double Attack} Nxg3 (17... Nf6 $142 18. Nxa8 Qa5) 18. fxg3 ({Not} 18. Nxa8 Nxf1 19. Kxf1 (19. Rxf1 Qa5 $14) 19... Bxd4 $14) 18... Rxe3 {[#]} 19. Qf2 $1 {[%mdl 512]} Qa5 20. Qxf7+ Kh8 21. Ne8 {[%csl Ge8][%cal Rf7g7][%mdl 64] Double Attack} Bh6 {[#]} 22. Qf8+ $1 {[%mdl 576] Back Rank. Black got outplayed after the opening.  Weighted Error Value: White=0.13/Black=1.61} 1-0

[Event "FIDE Online-ch U16 Open 2020"]
[Site "Online"]
[Date "2020.12.19"]
[Round "1.2"]
[White "Modi, Yashil"]
[Black "Hong, Andrew"]
[Result "0-1"]
[WhiteElo "2099"]
[BlackElo "2449"]
[Annotator "TA"]
[PlyCount "40"]
[EventDate "2020.12.19"]
[EventType "k.o."]
[EventCountry "NET"]
[SourceTitle "playchess.com"]
[Source "ChessBase"]
[SourceQuality "1"]

{[%evp 9,40,0,-13,-16,-29,-110,-85,-101,-97,-106,0,0,0,0,0,0,0,0,16,-8,0,-41,-35,-106,-122,-491,-470,-686,-685,-29985,-29986,-29986,-29985]} 1. d4 Nf6 2. Nf3 d5 3. c4 dxc4 4. g3 c5 5. Bg2 Nc6 {[%cal Rc5d4]} 6. O-O {D23: Queen's Gambit Accepted: 3 Nf3 Nf6 sidelines.} cxd4 7. Qa4 (7. Na3 $11) 7... Bd7 8. Qxc4 {[#]Black is better.} e5 $1 9. e3 {[%cal Re3d4] [#]} Be7 $146 (9... Rc8 $17 {Threatens to win with ...dxe3.} 10. Qb3 Be6) ({Predecessor:} 9... Rc8 10. Qb3 Na5 11. Qd1 dxe3 12. Bxe3 Nc6 13. Nc3 a6 14. Re1 Be7 15. Bg5 h6 16. Bxf6 gxf6 {0-1 (51) Kais,E (2007)-Tiemann,T (2059) Baden 2018}) 10. exd4 $11 exd4 11. Nxd4 Rc8 12. Nc3 O-O 13. Rd1 Bg4 14. Nde2 (14. Nf3 $5 {[%cal Rd1d8]} Qb6 15. Qb3 $11) 14... Qa5 15. Qf4 Qh5 16. Re1 {[#]} (16. f3 $1 $15) 16... Nb4 $1 $36 {[%cal Rb4c2][%mdl 2048] And now ...Nc2 would win. Black has strong initiative.} 17. f3 $2 {[%mdl 8192] This costs White the game.} (17. Qd2 $17 {is tougher.} Rfd8 18. Nf4) 17... Nd3 $19 {[%mdl 64] Double Attack} 18. fxg4 (18. Qg5 $142 Bc5+ 19. Kf1 Qxh2 20. Qh4 Qxg2+ 21. Kxg2 Nxe1+ 22. Kf1 Nxf3 23. Qh1) 18... Nxg4 19. Qd2 Bc5+ 20. Nd4 Bxd4+ {Weighted Error Value: White=1.15/Black=0.13} 0-1

[Event "FIDE Online-ch U16 Open 2020"]
[Site "Online"]
[Date "2020.12.19"]
[Round "1.2"]
[White "Oosthuizen, Michal Jacobus"]
[Black "Bjerre, Jonas Buhl"]
[Result "0-1"]
[WhiteElo "1920"]
[BlackElo "2551"]
[Annotator "TA"]
[PlyCount "84"]
[EventDate "2020.12.19"]
[EventType "k.o."]
[EventCountry "NET"]
[SourceTitle "playchess.com"]
[Source "ChessBase"]
[SourceQuality "1"]

{[%evp 9,84,25,21,18,33,8,11,9,16,7,13,0,22,19,19,20,28,33,27,30,37,22,19,0,0,-8,0,-25,0,-49,-44,-59,0,0,-7,-24,0,0,0,-614,-56,-135,-123,-604,-630,-606,-602,-663,-662,-662,-614,-626,-643,-720,-718,-749,-733,-747,-737,-981,-991,-984,-974,-29978,-29979,-29976,-29979,-29977,-29975,-29981,-29982,-29982,-29983,-29983,-29984,-29984,-29984]} 1. c4 e5 2. g3 Nc6 3. Bg2 Bc5 4. Nc3 a6 5. e3 d6 6. Nge2 {A25: English Opening vs King's Indian with ...Nc6 but without early d3.} Ba7 7. Rb1 {7.b3 is the modern continuation.} h5 8. h4 {The position is equal.} Nf6 9. b4 O-O 10. d3 {[#]} Bg4 $146 ({Predecessor:} 10... Ng4 11. b5 axb5 12. cxb5 Ne7 13. d4 Bf5 14. Rb3 Be6 15. Ra3 Qc8 16. O-O Rd8 {1-0 (35) Hansen,C (2625)-Rasmussen,A (2532) Svendborg 2015}) 11. O-O Qd7 12. a4 {[%cal Ba2a4,Ba4b5][%mdl 32]} Rab8 13. b5 axb5 14. axb5 Ne7 15. Ba3 Bh3 16. Ra1 Bxg2 17. Kxg2 Ra8 18. Qb3 Nf5 19. Ne4 Ng4 20. c5 dxc5 (20... Nfxe3+ $15 21. fxe3 Nxe3+ 22. Kg1 dxc5 23. Bxc5 Bxc5 24. Rxa8 (24. Nxc5 $2 Rxa1 {[%mdl 64] Overworked Piece} 25. Rxa1 Qf5 $19) 24... Rxa8 25. Nxc5 Qe7) 21. Bxc5 $11 Bxc5 22. Nxc5 Qd6 23. Rxa8 Rxa8 24. Rc1 $2 {[%mdl 8192]} (24. Ne4 $11 Qg6 25. Kh1) 24... Qg6 $2 (24... Qf6 $19 {( -> ...Nfxe3+!)} 25. f4 Ngxe3+ 26. Kg1 {[#]} Nxg3 $1 {[%mdl 512]} 27. Nxg3 Qxh4) 25. Ne4 {[#]} ({White should play} 25. Kg1 $1 $15) 25... Nxh4+ $1 $17 {[%mdl 512]} 26. gxh4 $4 {[%mdl 8192] Loses the game.} (26. Kg1 $17 Nf3+ 27. Kg2) 26... Nxe3+ $1 $19 {[%mdl 64] Discovered Attack (Double check)} 27. Kf3 Nf5 {[%csl Gh5][%cal Rg6g4]} 28. Rg1 {[#]} Qxg1 $1 {[%mdl 576] Deflection} 29. Nxg1 Nd4+ {[%mdl 64] Double Attack} 30. Ke3 Nxb3 {[%mdl 4096] Endgame KRN-KNN} 31. Nf3 f6 32. Ng3 g6 33. Ne4 Kg7 34. d4 Nxd4 35. Nxd4 exd4+ 36. Kxd4 {KR-KN} Ra4+ {Black mates.} 37. Kd3 {[#]} Rxe4 $1 38. Kxe4 Kf7 39. Kd5 g5 40. hxg5 fxg5 41. Ke5 h4 42. Ke4 Ke6 {Weighted Error Value: White=0.99/Black=0.29} 0-1